00375nam a22001337a 4500003000400000008004100004020001800045100003600063245004200099250000800141260003500149300000900184650004800193OSt200618b ||||| |||| 00| 0 eng d a9781464109621 aDavid L. Nelson, Michael M. Cox aLehninger Principles of Biochemistry  a7th aNew DelhibW. H. Freemanc2017 aMISC aApplied Biochemistry and clinical chemistry